Paesi con più siti UNESCO in America - Statistics

Statistiche generali
  • Questo quiz è stato fatto 20 volte
  • Il punteggio medio è 13 su 14
Statistiche sulle risposte
N° totale di siti N° di siti culturali N° di siti naturali N° di siti misti Paese % Corretto
12 7 5 / Argentina
100%
25 15 9 1 Brasile
100%
22 10 11 1 Canada
100%
7 7 / / Cile
100%
9 7 2 / Cuba
100%
36 28 6 2 Messico
100%
26 13 12 1 Stati Uniti
100%
7 6 1 / Bolivia
94%
9 6 2 1 Colombia
94%
13 9 2 2 Perù
94%
5 3 2 / Ecuador
88%
4 3 / 1 Guatemala
88%
4 1 3 / Costa Rica
81%
6 3 3 / Panama
81%
Nessun quiz corrispondente trovato
Distribuzione punteggi
Percentuale di utenti per punteggio
Percentile per numero di risposta
I tuoi punteggi nel tempo
Non hai fatto questo quiz